Statistics for Country Flags with the Most Red - Hard Version

Click here to take the quiz!

General Stats

  • This quiz has been taken 16 times
  • The average score is 7 of 15

Answer Stats

Percentage of redAnswer% Correct
97.6 %China
87%
93.8 %Turkey
67%
93.2 %Vietnam
67%
98.3 %Morocco
53%
90.4 %Tunisia
53%
87.4 %Albania
53%
82.9 %Tonga
53%
80.1 %Switzerland
53%
76.9 %Denmark
53%
80.0 %Latvia
47%
75.0 %Taiwan
47%
77.1 %Montenegro
40%
92.0 %Kyrgyzstan
33%
75.0 %Samoa
27%
75.0 %East Timor
13%

Score Distribution

Percentile by Number Answered

Percent of People with Each Score

Your Score History

You have not taken this quiz